Anime By Bad Plot Description - Statistics

General Stats
  • This quiz has been taken 284 times
  • The average score is 5 of 25
Answer Stats
Hint Answer % Correct
Spiky green haired kid looks for his dad Hunter x Hunter
84%
Regular sized people kill rather large people. Also politics Attack on Titan
82%
Whoever confesses their love first is the loser Kaguya-sama: Love is War
51%
Kids that turn into weapons Soul Eater
49%
"Eat This!" My Hero Academia
48%
Tiger and dragon fall in love Toradora!
33%
It's finger-lickin' good! Jujutsu Kaisen
32%
Crybaby eighth grader becomes magical girl Sailor Moon
29%
Homeless girl is a therapist to animal shape shifters Fruits Basket
26%
Japanese boy takes a traumatic trip to New York City Banana Fish
21%
Lesbian dragon falls in love with office lady Miss Kobayashi's Dragon Maid
20%
Like Fairy Tail, but in space Edens Zero
15%
Pink haired girls kill people with their minds Elfen Lied
11%
High school students find out about each other's secret lives, and fall in love Horimiya
11%
Group of teenagers share pain Kiznaiver
7%
Japanese high schools girls going through Japanese high school Azumanga Daioh
6%
Petite office worker bullied by large coworker My Senpai is Annoying
4%
Becoming god using the internet Serial Experiments Lain
4%
Anime about girls making an anime Keep Your Hands Off Eizouken!
3%
Perv high school boy becomes therapists to weird girls Bakemonogatari
2%
Girl wants to date a boy as long as he treats him like a dog Hensuki: Are you willing to fall in love with a pervert, as long as she's a cutie?
2%
Bisexual, Harem, Isekai My Next Life as a Villainess: All Routes Lead to Doom!
2%
Fashion design students find a random high school girl off the street Paradise Kiss
2%
Gay men in Okinawa The Stranger by the Shore
2%
High school boy works in a store that sells wishes xxxHOLiC
0%
No matching quizzes found
Score Distribution
Percent of People with Each Score
Percentile by Number Answered
Your Score History
You have not taken this quiz